[Event "Split Open 2016"]
[Site "Split CRO"]
[Date "2016.08.16"]
[Round "5.6"]
[White "Thorarinsson, Pall A."]
[Black "Yrjola, Jouni"]
[Result "1-0"]
[WhiteElo "2270"]
[BlackElo "2344"]
[PlyCount "71"]
[EventDate "2016.08.13"]
[EventType "swiss"]
[EventRounds "9"]
[EventCountry "CRO"]
[SourceTitle "Ajedrez en Madrid"]
[Source "lmi"]
[SourceDate "2016.08.13"]
[SourceVersion "1"]
[SourceVersionDate "2018.03.10"]
[SourceQuality "1"]

1. d4 Nf6 2. Nf3 g6 3. c4 Bg7 4. Nc3 O-O 5. e4 d6 6. Be2 Na6 7. O-O e5 8. d5
Nc5 9. Nd2 a5 10. Rb1 Ne8 11. b3 f5 12. a3 Nf6 13. b4 axb4 14. axb4 Ncxe4 15.
Ndxe4 Nxe4 16. Nxe4 fxe4 17. Be3 h5 18. c5 Kh7 19. Qd2 Bf5 20. cxd6 cxd6 21. b5
Qd7 22. b6 Rfc8 23. Bb5 Qf7 24. Rfc1 Bf6 25. Ra1 Bd8 26. Ra7 Rab8 27. Rxc8 Bxc8
28. Qa5 Bd7 29. Bc4 Qf5 30. Ra8 Rc8 31. Rxc8 Bxc8 32. Qa8 Be7 33. h3 Qd7 34.
Bb5 Qxb5 35. Qxc8 Qxd5 36. Qc7 1-0

[Event "Split Open 2016"]
[Site "Split CRO"]
[Date "2016.08.16"]
[Round "5.7"]
[White "Jaracz, Pawel"]
[Black "Pavic, Filip"]
[Result "1-0"]
[WhiteElo "2477"]
[BlackElo "2209"]
[PlyCount "71"]
[EventDate "2016.08.13"]
[EventType "swiss"]
[EventRounds "9"]
[EventCountry "CRO"]
[SourceTitle "Ajedrez en Madrid"]
[Source "lmi"]
[SourceDate "2016.08.13"]
[SourceVersion "1"]
[SourceVersionDate "2018.03.10"]
[SourceQuality "1"]

1. d4 Nf6 2. c4 e6 3. Nf3 Bb4+ 4. Nbd2 b6 5. a3 Bxd2+ 6. Qxd2 Bb7 7. e3 d6 8.
Be2 Nbd7 9. O-O O-O 10. b4 Ne4 11. Qc2 f5 12. d5 e5 13. Nd2 Nxd2 14. Bxd2 Qe7
15. f3 Rf6 16. a4 Raf8 17. f4 e4 18. a5 bxa5 19. Rxa5 a6 20. Rf2 Rh6 21. c5
dxc5 22. bxc5 Bxd5 23. Bxa6 Rb8 24. Be1 Rc6 25. Rd2 Qe6 26. Bb5 Bb3 27. Bxc6
Qxc6 28. Qc3 Be6 29. Rb2 Rd8 30. Qd4 Bd5 31. Bc3 Nf6 32. Qa4 Qxa4 33. Rxa4 Ng4
34. Bd4 Rd7 35. Ra7 Kf7 36. Rb8 1-0

[Event "Split Open 2016"]
[Site "Split CRO"]
[Date "2016.08.16"]
[Round "5.8"]
[White "Srbiš, Jurica"]
[Black "Henriksson, Johan"]
[Result "0-1"]
[WhiteElo "2426"]
[BlackElo "2243"]
[PlyCount "112"]
[EventDate "2016.08.13"]
[EventType "swiss"]
[EventRounds "9"]
[EventCountry "CRO"]
[SourceTitle "Ajedrez en Madrid"]
[Source "lmi"]
[SourceDate "2016.08.13"]
[SourceVersion "1"]
[SourceVersionDate "2018.03.10"]
[SourceQuality "1"]

1. e4 c6 2. d4 d5 3. e5 Bf5 4. Nf3 e6 5. Be2 Ne7 6. O-O Bg6 7. Nbd2 Nf5 8. Nb3
Nd7 9. a4 Be7 10. a5 a6 11. c4 Bh5 12. Nfd2 Bxe2 13. Qxe2 h5 14. Rd1 Bg5 15.
Nf3 Be7 16. Bd2 g5 17. cxd5 cxd5 18. Rac1 g4 19. Ne1 Nb8 20. Nc2 Nc6 21. Qd3
Rc8 22. Ne3 Nh4 23. Rc2 Nb4 24. Bxb4 Bxb4 25. Rdc1 Rxc2 26. Qxc2 O-O 27. Qc7
Qxc7 28. Rxc7 Rb8 29. Nc2 b6 30. Nc1 bxa5 31. Nd3 Bf8 32. Rc3 a4 33. Kf1 Nf5
34. Rc6 a5 35. Ra6 Rc8 36. Ne3 Nxd4 37. Rxa5 a3 38. bxa3 Rc3 39. Ne1 Bxa3 40.
h3 gxh3 41. gxh3 Nc6 42. Ra8+ Kg7 43. Rc8 d4 44. Nd1 Rc1 45. Ke2 Nxe5 46. Rd8
Bb4 47. f4 Bxe1 48. fxe5 Bg3 49. Rxd4 Bxe5 50. Rd7 Rc4 51. Nf2 Bg3 52. Nd3 h4
53. Ke3 Rc2 54. Kf3 Kg6 55. Kg4 Rg2 56. Nc5 Rf2 0-1

[Event "Split Open 2016"]
[Site "Split CRO"]
[Date "2016.08.16"]
[Round "5.10"]
[White "Drnovšek, Gal"]
[Black "Karabaic, Ivan"]
[Result "1-0"]
[WhiteElo "2367"]
[BlackElo "2182"]
[PlyCount "71"]
[EventDate "2016.08.13"]
[EventType "swiss"]
[EventRounds "9"]
[EventCountry "CRO"]
[SourceTitle "Ajedrez en Madrid"]
[Source "lmi"]
[SourceDate "2016.08.13"]
[SourceVersion "1"]
[SourceVersionDate "2018.03.10"]
[SourceQuality "1"]

1. d4 d5 2. c4 c6 3. Nc3 Nf6 4. cxd5 cxd5 5. Bf4 Nc6 6. e3 a6 7. Bd3 g6 8. h3
Bf5 9. Bxf5 gxf5 10. Qb3 b5 11. Nf3 e6 12. Rc1 Na5 13. Qd1 Rc8 14. O-O Be7 15.
Qe2 O-O 16. Ne5 Nc4 17. Nd3 Ne4 18. Bh6 Re8 19. Nxe4 dxe4 20. Nf4 Bf8 21. Qh5
Qe7 22. b3 Nd6 23. Rc5 Rxc5 24. dxc5 Nb7 25. b4 Bg7 26. g4 fxg4 27. Qxg4 f5 28.
Qg3 Kh8 29. Bxg7+ Qxg7 30. Qxg7+ Kxg7 31. Rd1 Kf6 32. c6 Nd8 33. c7 Nc6 34. Rd6
Na7 35. Nd5+ Ke5 36. Rd8 1-0

[Event "Split Open 2016"]
[Site "Split CRO"]
[Date "2016.08.16"]
[Round "5.11"]
[White "Ostovic, Matija"]
[Black "Roesch, Mario"]
[Result "1/2-1/2"]
[WhiteElo "2352"]
[BlackElo "2154"]
[PlyCount "85"]
[EventDate "2016.08.13"]
[EventType "swiss"]
[EventRounds "9"]
[EventCountry "CRO"]
[SourceTitle "Ajedrez en Madrid"]
[Source "lmi"]
[SourceDate "2016.08.13"]
[SourceVersion "1"]
[SourceVersionDate "2018.03.10"]
[SourceQuality "1"]

1. Nf3 Nf6 2. g3 g6 3. b3 Bg7 4. Bb2 O-O 5. Bg2 d6 6. d4 Nbd7 7. O-O c5 8. c4
Qc7 9. Nc3 a6 10. Rc1 b6 11. e4 Bb7 12. Re1 e6 13. Qd2 Rfd8 14. Rcd1 Rac8 15.
h3 Qb8 16. Qe3 Qa8 17. g4 h5 18. g5 Ne8 19. d5 e5 20. Nh4 Nc7 21. Nf5 Bf8 22.
Nh6+ Bxh6 23. gxh6 Kh7 24. f4 f6 25. Ne2 Rf8 26. h4 Rce8 27. f5 gxf5 28. Qh3
Kh8 29. Qxf5 Qd8 30. Ng3 Rg8 31. Nxh5 Bc8 32. Kh1 Qe7 33. Rf1 Ref8 34. Bc1 Nb8
35. Qf2 f5 36. Ng7 f4 37. Bf3 Rf6 38. Nh5 Rxh6 39. Rg1 Rhg6 40. Rxg6 Rxg6 41.
Rg1 Rxg1+ 42. Kxg1 Ne8 43. Qg2 1/2-1/2

[Event "Split Open 2016"]
[Site "Split CRO"]
[Date "2016.08.16"]
[Round "5.12"]
[White "Muha, Miljenko"]
[Black "Milenkovic, Mladen"]
[Result "0-1"]
[WhiteElo "2214"]
[BlackElo "2338"]
[PlyCount "74"]
[EventDate "2016.08.13"]
[EventType "swiss"]
[EventRounds "9"]
[EventCountry "CRO"]
[SourceTitle "Ajedrez en Madrid"]
[Source "lmi"]
[SourceDate "2016.08.13"]
[SourceVersion "1"]
[SourceVersionDate "2018.03.10"]
[SourceQuality "1"]

1. d4 Nf6 2. c4 e6 3. Nc3 Bb4 4. e3 b6 5. Nge2 c5 6. a3 Ba5 7. Rb1 Qe7 8. Bd2
Na6 9. d5 O-O 10. g3 exd5 11. Bg2 Rb8 12. Nxd5 Nxd5 13. Bxd5 Bxd2+ 14. Qxd2 Nc7
15. Bg2 Ba6 16. Rc1 b5 17. cxb5 Bxb5 18. O-O d5 19. Rfe1 Bxe2 20. Rxe2 Rfd8 21.
Qc3 c4 22. Rd2 h6 23. Qa5 a6 24. e4 dxe4 25. Rxc4 e3 26. Re2 Rd1+ 27. Bf1 Qe6
28. Rxc7 Qh3 29. Re1 exf2+ 30. Kxf2 Qxh2+ 31. Bg2 Rxb2+ 32. Re2 Qg1+ 33. Kf3
Rd3+ 34. Kg4 Rd4+ 35. Kf3 Rb5 36. Rc8+ Kh7 37. Qxb5 axb5 0-1

[Event "Split Open 2016"]
[Site "Split CRO"]
[Date "2016.08.16"]
[Round "5.13"]
[White "Armanda, Ivica"]
[Black "Meertens, Martin"]
[Result "1-0"]
[WhiteElo "2335"]
[BlackElo "2142"]
[PlyCount "66"]
[EventDate "2016.08.13"]
[EventType "swiss"]
[EventRounds "9"]
[EventCountry "CRO"]
[SourceTitle "Ajedrez en Madrid"]
[Source "lmi"]
[SourceDate "2016.08.13"]
[SourceVersion "1"]
[SourceVersionDate "2018.03.10"]
[SourceQuality "1"]

1. e4 c5 2. Nf3 d6 3. d4 cxd4 4. Nxd4 Nf6 5. Nc3 e6 6. Bc4 Be7 7. Bb3 O-O 8.
O-O Na6 9. f4 Nc5 10. Qf3 a6 11. f5 Qc7 12. Bg5 b5 13. a3 Nxb3 14. cxb3 Ne8 15.
Bxe7 Qxe7 16. Kh1 Bb7 17. fxe6 fxe6 18. Qxf8+ Qxf8 19. Rxf8+ Kxf8 20. Nxe6+ Kf7
21. Ng5+ Kg6 22. Nf3 Nf6 23. e5 dxe5 24. Nxe5+ Kf5 25. Nd3 Rd8 26. Rf1+ Kg5 27.
Nc5 Bc8 28. h3 Rd4 29. b4 h5 30. Re1 Kh4 31. Kh2 Kg5 32. Ne6+ Bxe6 33. Rxe6 Rd2
1-0

[Event "Split Open 2016"]
[Site "Split CRO"]
[Date "2016.08.16"]
[Round "5.15"]
[White "Aronsson, Marten"]
[Black "Lucovnik, Tilen"]
[Result "1-0"]
[WhiteElo "2317"]
[BlackElo "2082"]
[PlyCount "95"]
[EventDate "2016.08.13"]
[EventType "swiss"]
[EventRounds "9"]
[EventCountry "CRO"]
[SourceTitle "Ajedrez en Madrid"]
[Source "lmi"]
[SourceDate "2016.08.13"]
[SourceVersion "1"]
[SourceVersionDate "2018.03.10"]
[SourceQuality "1"]

1. d4 d5 2. Nf3 Nf6 3. g3 e6 4. Bg2 c5 5. c4 Nc6 6. cxd5 exd5 7. O-O Be6 8. Nc3
h6 9. Bf4 Rc8 10. Rc1 cxd4 11. Nb5 g5 12. Bd2 Ne4 13. Nfxd4 Nxd4 14. Nxd4 Nxd2
15. Qxd2 Rxc1 16. Rxc1 Bg7 17. Qe3 Qb6 18. Nxe6 fxe6 19. Qxb6 axb6 20. Rc7 O-O
21. Bh3 Re8 22. Rxb7 Bd4 23. e3 Bc5 24. b4 Bxb4 25. Rxb6 Bc5 26. Rc6 Bb4 27.
Bxe6+ Kg7 28. Bxd5 Rd8 29. e4 Rd7 30. Kg2 Bd2 31. Kf3 Ra7 32. Ke2 Bb4 33. f4
gxf4 34. gxf4 Ra3 35. Bb3 Ra5 36. f5 Rc5 37. Rxc5 Bxc5 38. Kd3 Kf6 39. Kc4 Bd6
40. h3 Ke5 41. Bc2 Ba3 42. Kd3 h5 43. Ke3 h4 44. Kf3 Be7 45. a4 Bd8 46. Kg4 Kd4
47. Kf4 Bc7+ 48. Kg5 1-0

[Event "Split Open 2016"]
[Site "Split CRO"]
[Date "2016.08.16"]
[Round "5.17"]
[White "Zelic, Mladen"]
[Black "Vrankovic, Ivan"]
[Result "1-0"]
[WhiteElo "2294"]
[BlackElo "2077"]
[PlyCount "89"]
[EventDate "2016.08.13"]
[EventType "swiss"]
[EventRounds "9"]
[EventCountry "CRO"]
[SourceTitle "Ajedrez en Madrid"]
[Source "lmi"]
[SourceDate "2016.08.13"]
[SourceVersion "1"]
[SourceVersionDate "2018.03.10"]
[SourceQuality "1"]

1. e4 c6 2. d4 d5 3. exd5 cxd5 4. Bd3 Nc6 5. c3 Qc7 6. Ne2 e6 7. Bf4 Bd6 8.
Bxd6 Qxd6 9. O-O Nf6 10. Nd2 O-O 11. Nf3 Bd7 12. Ng3 a5 13. Re1 Qf4 14. h3 h5
15. Ne5 Nxe5 16. dxe5 h4 17. Nf1 Ne8 18. Nh2 f5 19. Qh5 Rf7 20. Nf3 g6 21. Qxh4
Qxh4 22. Nxh4 g5 23. Nf3 Rg7 24. Nd4 g4 25. hxg4 Rxg4 26. f3 Rg5 27. Kf2 Ng7
28. f4 Rg4 29. g3 Kf7 30. Rh1 Rg8 31. Rh7 Ke7 32. Be2 Rg6 33. Bh5 Be8 34. Rh1
Kd7 35. Bxg6 Bxg6 36. Rh8 Rxh8 37. Rxh8 Ne8 38. Rh6 Bf7 39. g4 fxg4 40. Kg3 Nc7
41. Kxg4 b5 42. Kg5 b4 43. Kf6 Be8 44. Rh7+ Kc8 45. Nxe6 1-0

[Event "Split Open 2016"]
[Site "Split CRO"]
[Date "2016.08.16"]
[Round "5.18"]
[White "Abrahams, Daniel"]
[Black "Biliškov, Vjekoslav"]
[Result "0-1"]
[WhiteElo "2065"]
[BlackElo "2281"]
[PlyCount "86"]
[EventDate "2016.08.13"]
[EventType "swiss"]
[EventRounds "9"]
[EventCountry "CRO"]
[SourceTitle "Ajedrez en Madrid"]
[Source "lmi"]
[SourceDate "2016.08.13"]
[SourceVersion "1"]
[SourceVersionDate "2018.03.10"]
[SourceQuality "1"]

1. c4 g6 2. Nc3 Bg7 3. g3 Nf6 4. Bg2 O-O 5. Nf3 d5 6. cxd5 Nxd5 7. O-O Nc6 8.
d4 Nb6 9. e3 Re8 10. b3 e5 11. dxe5 Nxe5 12. Nxe5 Bxe5 13. Bb2 Qxd1 14. Rfxd1
c6 15. Rd2 Be6 16. Rad1 f5 17. Na4 Bxb2 18. Nxb2 Bd5 19. Nd3 Bxg2 20. Kxg2 Nd5
21. Nf4 Nxf4+ 22. gxf4 Re7 23. Kg3 Kf7 24. Rd6 Rc8 25. Kh4 c5 26. Rd7 b5 27.
R7d5 Rec7 28. Rd7+ Rxd7 29. Rxd7+ Ke6 30. Rxa7 c4 31. bxc4 bxc4 32. Rb7 c3 33.
Rb1 Kd5 34. f3 h6 35. Rc1 Kc4 36. e4 Kd3 37. exf5 gxf5 38. Kh5 Rc6 39. a4 Kd2
40. Rg1 c2 41. a5 c1=Q 42. Rxc1 Kxc1 43. a6 Kd2 0-1

[Event "Split Open 2016"]
[Site "Split CRO"]
[Date "2016.08.16"]
[Round "5.20"]
[White "Blazeka, Matej"]
[Black "Matas, Zdravko"]
[Result "1-0"]
[WhiteElo "2275"]
[BlackElo "1982"]
[PlyCount "75"]
[EventDate "2016.08.13"]
[EventType "swiss"]
[EventRounds "9"]
[EventCountry "CRO"]
[SourceTitle "Ajedrez en Madrid"]
[Source "lmi"]
[SourceDate "2016.08.13"]
[SourceVersion "1"]
[SourceVersionDate "2018.03.10"]
[SourceQuality "1"]

1. e4 c6 2. d4 d5 3. Nc3 Nf6 4. e5 Nfd7 5. Nf3 e6 6. Ng5 Be7 7. h4 c5 8. Qf3
Bxg5 9. Bxg5 Qa5 10. Bd2 Qd8 11. Qg3 g6 12. Nb5 O-O 13. h5 c4 14. hxg6 fxg6 15.
Qh3 Qe7 16. Bg5 Qg7 17. Bh6 Qf7 18. Bxf8 Nxf8 19. Nd6 Qe7 20. c3 Na6 21. Be2
Nc7 22. Bd1 b5 23. a4 b4 24. cxb4 Ne8 25. Nxe8 Qxe8 26. b3 cxb3 27. Qxb3 Rb8
28. b5 Qe7 29. a5 Bd7 30. Be2 Qg5 31. O-O h5 32. f4 Qe7 33. Qa3 Qe8 34. Rab1
Bxb5 35. Bxb5 Rxb5 36. Qa4 a6 37. Rxb5 axb5 38. Qb4 1-0

[Event "Split Open 2016"]
[Site "Split CRO"]
[Date "2016.08.17"]
[Round "6.1"]
[White "Šale, Srdan"]
[Black "Kozul, Zdenko"]
[Result "1-0"]
[WhiteElo "2420"]
[BlackElo "2619"]
[PlyCount "69"]
[EventDate "2016.08.13"]
[EventType "swiss"]
[EventRounds "9"]
[EventCountry "CRO"]
[SourceTitle "Ajedrez en Madrid"]
[Source "lmi"]
[SourceDate "2016.08.13"]
[SourceVersion "1"]
[SourceVersionDate "2018.03.10"]
[SourceQuality "1"]

1. d4 Nf6 2. Nf3 g6 3. Nc3 d5 4. Bf4 c6 5. h3 Bg7 6. e3 O-O 7. Bd3 Nbd7 8. O-O
c5 9. Bh2 a6 10. a4 b6 11. Ne5 Bb7 12. Qf3 e6 13. Rfd1 Qe7 14. b3 Rac8 15. Nb1
cxd4 16. exd4 Ne4 17. Nd2 Nxe5 18. Bxe5 Bxe5 19. dxe5 Qb4 20. Qe3 Nc3 21. Re1
Rfd8 22. h4 h5 23. Qg5 Rd7 24. Re3 Ne4 25. Bxe4 dxe4 26. Nc4 Rc5 27. a5 b5 28.
Nb6 Rd4 29. Qe7 Rxc2 30. Qxb7 Kg7 31. Rf1 Qxa5 32. Rxe4 Qd2 33. Rxd4 Qxd4 34.
Nd7 Rb2 35. Qc8 1-0

[Event "Split Open 2016"]
[Site "Split CRO"]
[Date "2016.08.17"]
[Round "6.2"]
[White "Brkic, Ante"]
[Black "Von Bahr, Oskar"]
[Result "1-0"]
[WhiteElo "2577"]
[BlackElo "2378"]
[PlyCount "135"]
[EventDate "2016.08.13"]
[EventType "swiss"]
[EventRounds "9"]
[EventCountry "CRO"]
[SourceTitle "Ajedrez en Madrid"]
[Source "lmi"]
[SourceDate "2016.08.13"]
[SourceVersion "1"]
[SourceVersionDate "2018.03.10"]
[SourceQuality "1"]

1. e4 e5 2. Nf3 Nc6 3. Bb5 a6 4. Ba4 Nf6 5. O-O Be7 6. Re1 b5 7. Bb3 O-O 8. c3
d5 9. exd5 Nxd5 10. Nxe5 Nxe5 11. Rxe5 c6 12. d3 Bd6 13. Re1 Bf5 14. Qf3 Re8
15. Rxe8+ Qxe8 16. Nd2 Qe1+ 17. Nf1 Bg6 18. g3 b4 19. c4 Nf6 20. Qxc6 Rd8 21.
Qb6 Be7 22. Qe3 Qxe3 23. Bxe3 Bxd3 24. Rd1 Ne4 25. Bb6 Rb8 26. Bd4 Bxf1 27.
Kxf1 Nc5 28. Bxc5 Bxc5 29. Rd7 Rc8 30. Bd1 Bf8 31. b3 Bc5 32. Bf3 f6 33. Bd5+
Kh8 34. Bb7 Rb8 35. Bxa6 h6 36. Bb7 Kh7 37. Be4+ Kg8 38. Bd5+ Kh7 39. h4 h5 40.
Bf3 Rc8 41. Bxh5 Ra8 42. Rd5 Bf8 43. Rd2 Ra7 44. Bf3 Kg6 45. h5+ Kg5 46. Be2
Kf5 47. Rd5+ Ke6 48. Bg4+ Kf7 49. Rd2 Bc5 50. Bf5 Ke7 51. Rd5 Rc7 52. Kg2 Bd6
53. Kf3 Bc5 54. Ke2 Bd6 55. Kd3 Bc5 56. f3 Bf2 57. g4 Bc5 58. f4 Bd6 59. Ke4
Bc5 60. g5 fxg5 61. fxg5 Bf2 62. Re5+ Kd6 63. h6 gxh6 64. gxh6 Ra7 65. Re6+ Kc5
66. h7 Ra8 67. Rh6 Re8+ 68. Be6 1-0

[Event "Split Open 2016"]
[Site "Split CRO"]
[Date "2016.08.17"]
[Round "6.3"]
[White "Martinovic, Saša"]
[Black "Tomazini, Aljoša"]
[Result "1-0"]
[WhiteElo "2560"]
[BlackElo "2365"]
[PlyCount "136"]
[EventDate "2016.08.13"]
[EventType "swiss"]
[EventRounds "9"]
[EventCountry "CRO"]
[SourceTitle "Ajedrez en Madrid"]
[Source "lmi"]
[SourceDate "2016.08.13"]
[SourceVersion "1"]
[SourceVersionDate "2018.03.10"]
[SourceQuality "1"]

1. d4 Nf6 2. Bf4 c5 3. d5 d6 4. Nc3 e5 5. Bd2 Be7 6. e4 O-O 7. a4 Ne8 8. Be2
Bg5 9. Nf3 Bxd2+ 10. Nxd2 f5 11. exf5 Bxf5 12. Bg4 Qg5 13. Bxf5 Qxf5 14. O-O
Nd7 15. Nc4 Ndf6 16. Ra3 Rd8 17. a5 Rd7 18. f3 Nc7 19. Re1 Qf4 20. Ne4 Nxe4 21.
Rxe4 Qf7 22. Ne3 Nb5 23. Raa4 Nd4 24. c3 Nf5 25. Nxf5 Qxf5 26. Qd2 Rdf7 27. h3
Qd7 28. Qd3 Rf6 29. Rh4 Qf5 30. Qxf5 Rxf5 31. b4 cxb4 32. Raxb4 R5f7 33. Rhc4
Rd8 34. Kf2 Kf8 35. Ke3 Ke8 36. Kd3 Rdd7 37. a6 bxa6 38. Rc6 Ke7 39. Rxa6 Rf8
40. Rba4 Ra8 41. c4 Rc7 42. R4a5 Kd7 43. Kc3 Rb7 44. Rc6 Rc7 45. Rxc7+ Kxc7 46.
Ra6 Kd7 47. h4 Kc7 48. h5 Kd7 49. c5 dxc5 50. Kc4 Ke7 51. g4 Rf8 52. Rxa7+ Kd6
53. Ra6+ Kd7 54. Kxc5 Rc8+ 55. Rc6 Rf8 56. Rd6+ Ke7 57. Re6+ Kd7 58. Rxe5 Rxf3
59. Rg5 Rf7 60. Rf5 Re7 61. d6 g6 62. dxe7 gxf5 63. e8=Q+ Kxe8 64. gxf5 Kf7 65.
Kd5 Kf6 66. Ke4 Kf7 67. Kf4 Ke7 68. Ke5 Kf7 1-0

[Event "Split Open 2016"]
[Site "Split CRO"]
[Date "2016.08.17"]
[Round "6.5"]
[White "Zelic, Mladen"]
[Black "Jaracz, Pawel"]
[Result "0-1"]
[WhiteElo "2294"]
[BlackElo "2477"]
[PlyCount "44"]
[EventDate "2016.08.13"]
[EventType "swiss"]
[EventRounds "9"]
[EventCountry "CRO"]
[SourceTitle "Ajedrez en Madrid"]
[Source "lmi"]
[SourceDate "2016.08.13"]
[SourceVersion "1"]
[SourceVersionDate "2018.03.10"]
[SourceQuality "1"]

1. e4 e5 2. f4 exf4 3. Nf3 g5 4. d4 Bg7 5. g3 fxg3 6. Bxg5 f6 7. Bf4 Ne7 8. Nc3
d6 9. hxg3 Bg4 10. Be2 Qd7 11. Nh4 h5 12. Nf5 Bxf5 13. exf5 Nxf5 14. Rxh5 Nc6
15. Rxh8+ Bxh8 16. d5 Ne5 17. Bxe5 dxe5 18. Bb5 c6 19. dxc6 bxc6 20. Qh5+ Ke7
21. Nd5+ Ke6 22. O-O-O Bg7 0-1

[Event "Split Open 2016"]
[Site "Split CRO"]
[Date "2016.08.17"]
[Round "6.6"]
[White "Biliškov, Vjekoslav"]
[Black "Plenca, Julijan"]
[Result "1-0"]
[WhiteElo "2281"]
[BlackElo "2410"]
[PlyCount "63"]
[EventDate "2016.08.13"]
[EventType "swiss"]
[EventRounds "9"]
[EventCountry "CRO"]
[SourceTitle "Ajedrez en Madrid"]
[Source "lmi"]
[SourceDate "2016.08.13"]
[SourceVersion "1"]
[SourceVersionDate "2018.03.10"]
[SourceQuality "1"]

1. Nf3 c5 2. c4 g6 3. d4 cxd4 4. Nxd4 Bg7 5. e4 Nc6 6. Be3 Nf6 7. Nc3 O-O 8.
Be2 e6 9. Ndb5 d5 10. cxd5 exd5 11. exd5 a6 12. dxc6 Qxd1+ 13. Rxd1 axb5 14.
Bxb5 Ng4 15. a4 bxc6 16. Bxc6 Rb8 17. Bb5 Bb7 18. Bf4 Bxg2 19. Bxb8 Bxh1 20.
Bd6 Rd8 21. Ke2 Ba8 22. Bg3 Rxd1 23. Nxd1 h5 24. h3 Nh6 25. Bd7 g5 26. b4 f5
27. Bd6 h4 28. Ne3 g4 29. Nxf5 Nf7 30. Be6 Bf8 31. Bxf8 Kxf8 32. Nxh4 1-0

[Event "Split Open 2016"]
[Site "Split CRO"]
[Date "2016.08.17"]
[Round "6.7"]
[White "Piškur, Mitja"]
[Black "Drnovšek, Gal"]
[Result "1/2-1/2"]
[WhiteElo "2278"]
[BlackElo "2367"]
[PlyCount "88"]
[EventDate "2016.08.13"]
[EventType "swiss"]
[EventRounds "9"]
[EventCountry "CRO"]
[SourceTitle "Ajedrez en Madrid"]
[Source "lmi"]
[SourceDate "2016.08.13"]
[SourceVersion "1"]
[SourceVersionDate "2018.03.10"]
[SourceQuality "1"]

1. e4 c5 2. Nf3 d6 3. d3 Nf6 4. g3 Nc6 5. Bg2 e5 6. O-O h6 7. c3 Be7 8. d4 exd4
9. cxd4 d5 10. exd5 Nxd5 11. Nc3 Nxc3 12. bxc3 O-O 13. Rb1 Na5 14. dxc5 Bxc5
15. Nd4 Qf6 16. Qh5 Bb6 17. Bf4 Bd7 18. Rfe1 Nc6 19. Be5 Nxe5 20. Qxe5 Qxe5 21.
Rxe5 Rab8 22. Rd5 Be6 23. Nxe6 Bxf2+ 24. Kh1 fxe6 25. Re5 Rbd8 26. Re2 b6 27.
Bh3 e5 28. Rf1 Bc5 29. Rxe5 Rd2 30. Be6+ Kh7 31. Rxf8 Bxf8 32. Rf5 Bc5 33. Rf7
a5 34. a4 Kg6 35. Rf4 h5 36. h4 Kh6 37. Rf3 g6 38. Bc4 Bd6 39. Kg1 Be5 40. Bb5
Rc2 41. c4 g5 42. hxg5+ Kxg5 43. Rd3 Rc3 44. Rxc3 Bxc3 1/2-1/2

[Event "Split Open 2016"]
[Site "Split CRO"]
[Date "2016.08.17"]
[Round "6.8"]
[White "Milenkovic, Mladen"]
[Black "Blazeka, Matej"]
[Result "1-0"]
[WhiteElo "2338"]
[BlackElo "2275"]
[PlyCount "91"]
[EventDate "2016.08.13"]
[EventType "swiss"]
[EventRounds "9"]
[EventCountry "CRO"]
[SourceTitle "Ajedrez en Madrid"]
[Source "lmi"]
[SourceDate "2016.08.13"]
[SourceVersion "1"]
[SourceVersionDate "2018.03.10"]
[SourceQuality "1"]

1. e4 g6 2. d4 Bg7 3. Nc3 d6 4. f4 Nf6 5. Nf3 O-O 6. Be3 Na6 7. Qd2 Rb8 8. e5
Nd7 9. O-O-O b5 10. f5 gxf5 11. Bh6 f6 12. e6 Nb6 13. d5 b4 14. Ne2 Qe8 15.
Bxg7 Kxg7 16. Ng3 Nc5 17. Nxf5+ Kh8 18. Qh6 Rg8 19. Rd4 Nxd5 20. Rxd5 Bxe6 21.
Rxc5 dxc5 22. Bd3 Bxf5 23. Bxf5 Qf7 24. g3 Rg7 25. Kb1 Qd5 26. Qf4 Rd8 27. b3
a5 28. Bd3 a4 29. Bc4 Qd1+ 30. Rxd1 Rxd1+ 31. Qc1 Rxc1+ 32. Kxc1 a3 33. Be6 Rg6
34. Kd2 f5 35. Bxf5 Rd6+ 36. Bd3 Kg7 37. Ng5 h6 38. Ne4 Rd5 39. Ke2 e6 40. Bc4
Re5 41. Ke3 h5 42. h3 Rf5 43. g4 hxg4 44. hxg4 Rf8 45. Nxc5 Rh8 46. Nxe6+ 1-0

[Event "Split Open 2016"]
[Site "Split CRO"]
[Date "2016.08.17"]
[Round "6.9"]
[White "Parligras, Cosmin"]
[Black "Armanda, Ivica"]
[Result "1/2-1/2"]
[WhiteElo "2260"]
[BlackElo "2335"]
[PlyCount "30"]
[EventDate "2016.08.13"]
[EventType "swiss"]
[EventRounds "9"]
[EventCountry "CRO"]
[SourceTitle "Ajedrez en Madrid"]
[Source "lmi"]
[SourceDate "2016.08.13"]
[SourceVersion "1"]
[SourceVersionDate "2018.03.10"]
[SourceQuality "1"]

1. d4 Nf6 2. Nf3 g6 3. g3 Bg7 4. Bg2 O-O 5. O-O d6 6. b3 c5 7. c4 Nc6 8. Bb2
Bg4 9. d5 Na5 10. Bc3 a6 11. Qe1 b6 12. e4 Bxf3 13. Bxf3 Nd7 14. Be2 Rb8 15.
Qd2 Nf6 1/2-1/2

[Event "Split Open 2016"]
[Site "Split CRO"]
[Date "2016.08.17"]
[Round "6.12"]
[White "Plenkovic, Zdenko"]
[Black "Grinblat, Artemiy"]
[Result "1-0"]
[WhiteElo "2409"]
[BlackElo "2176"]
[PlyCount "63"]
[EventDate "2016.08.13"]
[EventType "swiss"]
[EventRounds "9"]
[EventCountry "CRO"]
[SourceTitle "Ajedrez en Madrid"]
[Source "lmi"]
[SourceDate "2016.08.13"]
[SourceVersion "1"]
[SourceVersionDate "2018.03.10"]
[SourceQuality "1"]

1. g3 d5 2. Bg2 c6 3. d3 Nf6 4. Nd2 Bg4 5. h3 Bc8 6. e4 dxe4 7. dxe4 e5 8. Ngf3
Nbd7 9. O-O Bc5 10. Qe2 O-O 11. Nc4 Qc7 12. Nh4 b5 13. Ne3 a5 14. Rd1 Ba6 15.
Nef5 Rfe8 16. Be3 Bf8 17. Qf3 Re6 18. g4 Nc5 19. Ng3 g6 20. Rd2 b4 21. Rad1 Na4
22. g5 Nxb2 23. gxf6 Nxd1 24. Rxd1 Rd8 25. Rxd8 Qxd8 26. Qg4 Qxf6 27. Bg5 Qg7
28. Nhf5 gxf5 29. exf5 h6 30. fxe6 Qxg5 31. exf7+ Kxf7 32. Qd7+ 1-0

[Event "Split Open 2016"]
[Site "Split CRO"]
[Date "2016.08.17"]
[Round "6.13"]
[White "Bontempi, Piero"]
[Black "Krnic, Ivan"]
[Result "1-0"]
[WhiteElo "2376"]
[BlackElo "2151"]
[PlyCount "65"]
[EventDate "2016.08.13"]
[EventType "swiss"]
[EventRounds "9"]
[EventCountry "CRO"]
[SourceTitle "Ajedrez en Madrid"]
[Source "lmi"]
[SourceDate "2016.08.13"]
[SourceVersion "1"]
[SourceVersionDate "2018.03.10"]
[SourceQuality "1"]

1. e4 e6 2. d4 d5 3. Nc3 Nf6 4. e5 Nfd7 5. f4 c5 6. Nf3 Nc6 7. Bd3 cxd4 8. Ne2
Qa5+ 9. Bd2 Qb6 10. O-O Nc5 11. f5 Ne4 12. fxe6 Bxe6 13. a3 Be7 14. b4 O-O 15.
Bf4 Rae8 16. Kh1 Bg4 17. h3 Bh5 18. Bh2 Nc3 19. Qd2 Nxe2 20. Bxe2 f6 21. e6 Bg6
22. Rac1 Be4 23. Bg1 Bd6 24. b5 Nd8 25. Nxd4 Qc7 26. Bf3 Bf4 27. Qb4 f5 28. c4
Bd6 29. Qa4 Bxf3 30. Rxf3 dxc4 31. Rcc3 b6 32. Rxc4 Bc5 33. Qc2 1-0